Y llego el centenario: (Registro nro. 11520)
[ vista simple ]
| 000 -Cabecera | |
|---|---|
| Campo de control interno | 00488nam a2200181Ia 4500 |
| 005 - Fecha y hora del registro | |
| control field | 20260306162834.0 |
| 008 - Elementos de Longitud Fija | |
| fixed length control field | 260306t2014||||xx |||||||||||||| ||spa|| |
| 041 ## - Idioma | |
| Codigo Idioma | ESP |
| 082 ## - DEWEY y NOTACIÓN INTERNA | |
| Dewey | 985.07 |
| Notación Interna | O72 |
| 100 ## - AUTOR | |
| Autor denominación | Orrego Penagos, Juan Luis |
| Término de relación | autor |
| 245 #0 - TÍTULO DE MATERIAL BIBLIOGRÁFICO | |
| Título | Y llego el centenario: |
| Título paralelo | los festejos de 1921 y 1924 en la Lima de Augusto B. Leguía |
| 260 ## - CIUDAD, EDITORIAL, AÑO | |
| Año | 2014 |
| 300 ## - DESCRIPCIÓN | |
| N° Páginas | 225 páginas : |
| Dimensiones | 24 cm. |
| 650 ## - TEMAS | |
| Temas | Generalidades |
| 654 ## - PROGRAMAS | |
| Programa | Dpto. de Humanidades |
| 942 ## - ELEMENTOS DE KOHA | |
| Tipo de documento | Libro |
| Nombre del creador | Justo Noguera |
| Código de catalogador | Justo Noguera |
| Esquema de clasificación | Dewey Decimal Classification |
| Suppress in OPAC | |
| Codigo completo | Registro | Colección | Copia número | Disponibilidad | Tipo de préstamo | Biblioteca Actual | Procedencia (Biblioteca) | Ubicacón | Fecha Ingreso | Tipo de Adquisición | Date last seen | Total checkouts | Price effective from | Tipo de Item | Estado del Material | Fuente de Clasificación | Damaged status | Withdrawn status |
|---|---|---|---|---|---|---|---|---|---|---|---|---|---|---|---|---|---|---|
| 985.07 O72 | 1038063 | Universidad Católica San Pablo | 1 | Disponible | Disponible | Víctor Andrés Belaunde | Víctor Andrés Belaunde | Planta baja abierta | 03/06/2026 | Compra | 06/03/2026 | 06/03/2026 | Libro | Bueno | Dewey Decimal Classification |




